Law of arbitration and conciliation: (including alternative dispute resolution systems)

Сохранить в:
Библиографические подробности
Главный автор: Singh Avtar
Формат:
Опубликовано: New Delhi: Eastern book company, c2007.
Предметы:
Метки: Добавить метку
Нет меток, Требуется 1-ая метка записи!

MARC

LEADER 00000nam a22000007a 4500
005 20260415045544.0
020 |a 9788170129875  |c TZS 22,000/= 
040 |a MCCL  |b eng.  |e AACR 2nd rev. ed. 
082 |a 347.5409 SIN 
100 |a Singh Avtar 
245 |a Law of arbitration and conciliation:  |b (including alternative dispute resolution systems)  |c /Avtar Singh 
260 |a New Delhi:  |b Eastern book company,  |c c2007. 
300 |a lxxi,523P.:  |c 24 cm. 
504 |a Includes index 
546 |a eng. 
650 |a Law of arbitration  
650 |a Law of Conciliation 
942 |c BK 
999 |c 12615  |d 12615